LEADER 01313nam a2200313 i 4500 001 991001029139707536 005 20020502182623.0 008 920610s1991 it ||| | ita 020 $a8822110110 035 $ab11453564-39ule_inst 035 $aPRUMB53739$9ExL 040 $aScuola per assistenti sociali$bita 082 0 $a304.60945 100 1 $aGolini, Antonio$0315258 245 10$aCrescita zero :$ble opinioni degli italiani in un'indagine dell'Istituto di Ricerche sulla Popolazione /$ca cura di Rossella Palomba ; introduzione di Antonio Golini 250 $a1. ed 260 $aScandicci :$bLa Nuova Italia,$c1991 300 $axv, 247 p. :$bill. ;$c21 cm. 490 0 $aBiblioteca di cultura [La Nuova Italia] ;$v177 500 $aInclude 12 p. di Bibliografia. - Appendici: Questionario di indagine - Strategia di campionamento e livello di precisione delle stime / Aldo Russo. 650 4$aDemografia$zItalia 650 4$aUrbanizzazione 700 1 $aPalomba, Rossella 907 $a.b11453564$b01-03-17$c01-07-02 912 $a991001029139707536 945 $aLE024 SOC/A SR III 7$g1$iLE024N-1737$lle021$nex DUSS$o-$pE0.00$q-$rl$s- $t0$u0$v0$w0$x0$y.i11640297$z01-07-02 996 $aCrescita zero$9820491 997 $aUNISALENTO 998 $ale021$b01-01-92$cm$da $e-$fita$git $h0$i1